书目信息 |
| 题名: |
六个月完美新娘倒计时
|
|
| 作者: | 婵女 著 | |
| 分册: | ||
| 出版信息: | 济南 山东美术出版社 2011 |
|
| 页数: | 221页 | |
| 开本: | 18cm | |
| 丛书名: | 我的fashion生活志 | |
| 单 册: | ||
| 中图分类: | K891.22 | |
| 科图分类: | ||
| 主题词: | 结婚--礼仪--基本知识 | |
| 电子资源: | ||
| ISBN: | 978-7-5330-3323-1 | |
| 000 | 00839oam2 2200241 450 | |
| 001 | 2332310679 | |
| 005 | 20231221085909.77 | |
| 010 | @a978-7-5330-3323-1@dCNY 32.00 | |
| 100 | @a20110620d2011 em y0chiy0110 ea | |
| 101 | 0 | @achi |
| 102 | @aCN@b370000 | |
| 105 | @aa z 000yy | |
| 200 | 1 | @a六个月完美新娘倒计时@Aliu ge yue wan mei xin niang dao ji shi@f婵女著 |
| 210 | @a济南@c山东美术出版社@d2011 | |
| 215 | @a221页@c图@d18cm | |
| 225 | 2 | @a我的fashion生活志 |
| 330 | @a本书作者用六个月的时间,按照婚礼倒计时的顺序,用日志的方法,记载了婚礼前需要准备的各项事宜。主要内容分为:婚礼幻想、婚礼准备忙花眼、婚礼倒计时、婚礼进行时四部分。 | |
| 410 | 0 | @12001 @a我的fashion生活志 |
| 606 | 0 | @a结婚@x礼仪@x基本知识 |
| 690 | @aK891.22@v5 | |
| 701 | 0 | @a婵女@Achan nu^@4著 |
| 801 | 2 | @aCN@b辽宁北配@c20231205 |
| 905 | @aBZT@dK891.22@e4 | |
| 六个月完美新娘倒计时/婵女著.-济南:山东美术出版社,2011 |
| 221页:图;18cm.-(我的fashion生活志) |
| ISBN 978-7-5330-3323-1:CNY 32.00 |
| 本书作者用六个月的时间,按照婚礼倒计时的顺序,用日志的方法,记载了婚礼前需要准备的各项事宜。主要内容分为:婚礼幻想、婚礼准备忙花眼、婚礼倒计时、婚礼进行时四部分。 |
| ● |
| 相关链接 |
|
|
|
正题名:六个月完美新娘倒计时
索取号:K891.22/4
 
预约/预借
| 序号 | 登录号 | 条形码 | 馆藏地/架位号 | 状态 | 备注 |
| 1 | 2001672858 | 2001672858 | 516书库/ [索取号:K891.22/4] | 在馆 | |
| 2 | 2001672859 | 2001672859 | 516书库/ [索取号:K891.22/4] | 在馆 | |
| 3 | 2001672860 | 2001672860 | 516书库/ [索取号:K891.22/4] | 在馆 | |
| 4 | 2001672861 | 2001672861 | 516书库/ [索取号:K891.22/4] | 在馆 | |
| 5 | 2001672862 | 2001672862 | 516书库/ [索取号:K891.22/4] | 在馆 | |
| 6 | 2001672863 | 2001672863 | 516书库/ [索取号:K891.22/4] | 在馆 | |
| 7 | 2001672864 | 2001672864 | 516书库/ [索取号:K891.22/4] | 在馆 | |
| 8 | 2001672865 | 2001672865 | 516书库/ [索取号:K891.22/4] | 在馆 | |
| 9 | 2001672866 | 2001672866 | 516书库/ [索取号:K891.22/4] | 在馆 | |
| 10 | 2001672867 | 2001672867 | 516书库/ [索取号:K891.22/4] | 在馆 | |
| 11 | 2001672868 | 2001672868 | 516书库/ [索取号:K891.22/4] | 在馆 | |
| 12 | 2001672869 | 2001672869 | 516书库/ [索取号:K891.22/4] | 在馆 | |
| 13 | 2001672870 | 2001672870 | 516书库/ [索取号:K891.22/4] | 在馆 | |
| 14 | 2001672871 | 2001672871 | 516书库/ [索取号:K891.22/4] | 在馆 | |
| 15 | 2001672872 | 2001672872 | 516书库/ [索取号:K891.22/4] | 在馆 | |
| 16 | 2001672873 | 2001672873 | 516书库/ [索取号:K891.22/4] | 在馆 | |
| 17 | 2001672874 | 2001672874 | 516书库/ [索取号:K891.22/4] | 在馆 | |
| 18 | 2001672875 | 2001672875 | 516书库/ [索取号:K891.22/4] | 在馆 | |
| 19 | 2001672876 | 2001672876 | 516书库/ [索取号:K891.22/4] | 在馆 | |
| 20 | 2001672877 | 2001672877 | 516书库/ [索取号:K891.22/4] | 在馆 | |
| 21 | 2001672878 | 2001672878 | 516书库/ [索取号:K891.22/4] | 在馆 | |
| 22 | 2001672879 | 2001672879 | 516书库/ [索取号:K891.22/4] | 在馆 | |
| 23 | 2001672880 | 2001672880 | 516书库/ [索取号:K891.22/4] | 在馆 | |
| 24 | 2001672881 | 2001672881 | 516书库/ [索取号:K891.22/4] | 在馆 | |
| 25 | 2001672882 | 2001672882 | 516书库/ [索取号:K891.22/4] | 在馆 | |
| 26 | 2001672883 | 2001672883 | 516书库/ [索取号:K891.22/4] | 在馆 | |
| 27 | 2001672884 | 2001672884 | 516书库/ [索取号:K891.22/4] | 在馆 | |
| 28 | 2001672885 | 2001672885 | 516书库/ [索取号:K891.22/4] | 在馆 | |
| 29 | 2001672886 | 2001672886 | 516书库/ [索取号:K891.22/4] | 在馆 | |
| 30 | 2001672887 | 2001672887 | 516书库/ [索取号:K891.22/4] | 在馆 |